Libro de campaña para descripción y muestreo de suelos : traducción al español del "Field book for describing soils"
Guardado en:
| Formato: | Libro |
|---|---|
| Idioma: | Undetermined |
| Publicado: |
Castelar :
INTA,
2000.
|
| Etiquetas: |
Agregar Etiqueta
Sin Etiquetas, Sea el primero en etiquetar este registro!
|
| LEADER | 00685nam a22001335a 4500 | ||
|---|---|---|---|
| 001 | EEA.libagro009804 | ||
| 005 | 20160923084128.0 | ||
| 008 | 140528s2000####xx#a##########000#0#und#d | ||
| 082 | 0 | 4 | |a 631.47 |
| 245 | 1 | 0 | |a Libro de campaña para descripción y muestreo de suelos : |b traducción al español del "Field book for describing soils" |s versión 1.1 / |c INTA, Instituto de Suelos. |
| 260 | |a Castelar : |b INTA, |c 2000. | ||
| 300 | |a 1 v. (en varias paginaciones) : |b il. ; |c 28 cm. | ||
| 534 | |p Versión original: |a Schoeneberger, P. J. ... [et al.]. |t Field book for describing and sampling soils. |c Natural Resources Conservation Service, USDA. 1998 | ||
| 859 | |a AR-BbBCA |b BIB. AGRONOMIA |h 631.47 |i S365-1 |p 2014/6382 | ||
